La interpretación de los delitos.

Saved in:
Bibliographic Details
Main Author: Vega Leiva, Richard Luis
Format: Book
Language:Spanish
Published: Santiago, Chile sin nombre 1988
Subjects:
Tags: Add Tag
No Tags, Be the first to tag this record!

MARC

LEADER 00000nam a2200000 a 4500
001 UCO8352
003 CL-VaPUC
005 20250228103542.0
008 001201e19880000cl |||||||||||||||||spa|d
999 |c 293021  |d 293019 
040 |c Pontificia Universidad Católica de Valparaíso 
082 0 4 |a 345.02 VEG 1988  |2 21 
100 0 |a Vega Leiva, Richard Luis  |9 453217 
245 1 3 |a La interpretación de los delitos. 
260 0 3 |a Santiago, Chile  |b sin nombre  |c 1988 
300 |a 224 páginas 
583 |a last modification  |c 20180108 04:48:47  |k Rodrigo Vera 
650 0 |a Abusos deshonestos  |9 383612 
650 0 |a Agresión  |9 390178 
650 0 |a Amenazas  |9 368475 
650 0 |a Cohecho  |9 387717 
650 0 |a CONCURSO DEL DELITO  |9 358121 
650 0 |a Delitos  |9 224143 
650 7 |a ELEMENTOS DEL DELITO  |2 CL-VaPUC  |9 453218 
650 7 |a HOMICIDIO  |2 CL-VaPUC  |9 336529 
650 7 |a INJURIA  |2 CL-VaPUC  |9 368472 
650 7 |a DERECHO PENAL  |2 CL-VaPUC  |9 11 
650 0 |a Robo  |9 383176 
650 7 |a ROBO CON HOMICIDIO  |2 CL-VaPUC  |9 368485 
650 0 |a Violación de domicilio  |9 453219 
942 |c BK  |2 ddc 
945 |d 20001201 00:00:00  |a vberengu 
952 |0 0  |1 0  |2 ddc  |4 0  |6 345_020000000000000_VEG_1988  |7 0  |8 A  |9 344121  |a BIBDER  |b BIBDER  |d 2019-11-20  |i 3650693  |o 345.02 VEG 1988  |p 3650693  |r 2023-01-25  |t 1  |w 2019-11-20  |y BK  |k DER